Competition and entry in agricultural markets: Experimental evidence from Kenya (Record no. 517625)

000 -LEADER
fixed length control field 01324nam a22001577a 4500
008 - FIXED-LENGTH DATA ELEMENTS--GENERAL INFORMATION
fixed length control field 210722b ||||| |||| 00| 0 eng d
100 ## - MAIN ENTRY--PERSONAL NAME
Personal name Bergquist, Lauren Falcao and Dinerstein, Michael
245 ## - TITLE STATEMENT
Title Competition and entry in agricultural markets: Experimental evidence from Kenya
260 ## - PUBLICATION, DISTRIBUTION, ETC. (IMPRINT)
Place of publication, distribution, etc The American Economic Review
300 ## - PHYSICAL DESCRIPTION
Extent 110(12), Dec, 2020: p.3705-3747
520 ## - SUMMARY, ETC.
Summary, etc African agricultural markets are characterized by low farmer revenues and high consumer food prices. Many have worried that this wedge is partially driven by imperfect competition among intermediaries. This paper provides experimental evidence from Kenya on intermediary market structure. Randomized cost shocks and demand subsidies are used to identify a structural model of market competition. Estimates reveal that traders act consistently with joint profit maximization and earn median markups of 39 percent. Exogenously induced firm entry has negligible effects on prices, and low take-up of subsidized entry offers implies large fixed costs. We estimate that traders capture 82 percent of total surplus. – Reproduced
650 ## - SUBJECT ADDED ENTRY--TOPICAL TERM
Topical term or geographic name as entry element Economic development: Agriculture; Natural resources; Energy; Environment; Prices
9 (RLIN) 27366
773 ## - HOST ITEM ENTRY
Main entry heading The American Economic Review
906 ## - LOCAL DATA ELEMENT F, LDF (RLIN)
Subject DIP AGRICULTURAL DEVELOPMENT
942 ## - ADDED ENTRY ELEMENTS (KOHA)
Item type Articles
Holdings
Withdrawn status Lost status Source of classification or shelving scheme Damaged status Not for loan Permanent location Current location Date acquired Serial Enumeration / chronology Barcode Date last seen Koha item type
          Indian Institute of Public Administration Indian Institute of Public Administration 2021-07-22 110(12), Dec, 2020: p.3705-3747 AR124901 2021-07-22 Articles

Powered by Koha